Kupóny, poukážky a elektronické peniaze v jednoduchom účtovníctve podnikateľov v SR bakalárska práca

Enregistré dans:
Détails bibliographiques
Auteur principal: Lacková, Katarína
Collectivité auteur: Fakulta hospodárskej informatiky EU. Katedra účtovníctva a audítorstva
Autres auteurs: Parajka, Branislav, 1981-
Format: Livre
Langue:slovaque
Publié: Bratislava 2013
Tags: Ajouter un tag
Pas de tags, Soyez le premier à ajouter un tag!

MARC

LEADER 00000nbm a2200000 4500
001 0173213
005 20161109112147.0
041 0 |a slo 
044 |a SK 
245 1 0 |a Kupóny, poukážky a elektronické peniaze v jednoduchom účtovníctve podnikateľov v SR  |b bakalárska práca  |c Katarína Lacková ; školiteľ: Branislav Parajka 
264 1 |a Bratislava  |c 2013 
300 |a 42 s. 
100 1 |a Lacková, Katarína 
700 1 |a Parajka, Branislav, 1981- 
710 2 |a Fakulta hospodárskej informatiky EU. Katedra účtovníctva a audítorstva